Comunicación popular educativa /

Compilación de ponencias presentadas en el Seminario sobre Comunicación Popular y Educativa. La temática abordada fue acerca de varios aspectos de la comunicación popular, el poder de la palabra, la utilización de la radio como herramienta de apoyo en proyectos populares.XX

Na minha lista:
Detalhes bibliográficos
Autor Corporativo: Seminario sobre Comunicación Popular Educativa ( Quito, Ecuador)
Formato: Procedimiento de la conferencia Livro
Idioma:espanhol
Colecção:(Monografías Centro Internacional de Estudios Superiores de Periodismo para América Latina ; 3)
Assuntos:
Tags: Adicionar Tag
Sem tags, seja o primeiro a adicionar uma tag!

MARC

LEADER 00000nam^a2200000^a^4500
001 000271663
005 20250521000000.0
009 20260310111035.336
037 |a Acervo Xavier Clavigero 
041 |a ESP 
082 |a 361. 8  |b SEM 1983 
111 |a Seminario sobre Comunicación Popular Educativa (  |d 1983 :  |c Quito, Ecuador) 
245 1 0 |a Comunicación popular educativa /  |c Seminario sobre Comunicación Popular Educativa. 
264 |a Quito, Ecuador :  |b CIESPAL,  |c 1983 
300 |a 206 p. 
336 |a texto  |b txt  |2 rdacontenido 
337 |a sin mediación  |b n  |2 rdamedio 
338 |a volumen  |b nc  |2 rdasoporte 
440 1 |a (Monografías Centro Internacional de Estudios Superiores de Periodismo para América Latina ;  |v 3) 
520 |a Compilación de ponencias presentadas en el Seminario sobre Comunicación Popular y Educativa. La temática abordada fue acerca de varios aspectos de la comunicación popular, el poder de la palabra, la utilización de la radio como herramienta de apoyo en proyectos populares.XX 
649 |a XX 
650 |a Educación y Promoción Popular -  |x Congresos -  |x Tema Principal 
650 |a Educación y Promoción Popular -  |z Latinoamérica 
650 |a Educación y Promoción Popular -  |x Metodología 
650 |a Radio 
650 |a Medios de Comunicación 
650 |a Apoyos Didácticos 
650 |a Comunicación Educativa 
650 |a Proceso Educativo 
650 |a Educación Rural 
650 |a Democratización -  |z Chile 
650 |a Comunicación y Política -  |z Chile 
650 |a Comunicación y Política 
650 |a Sociología 
910 |a Fondo General 
920 |a Impresos - Libros 
930 |a Colección General 
905 |a 101 
901 |a 0500157717  |b IT1  |c ACC  |u 20250521 
902 |a https://opac.biblio.iteso.mx/vufind/Record/000271663